| 000 | 00842nam a22002177a 4500 | ||
|---|---|---|---|
| 005 | 20240530110855.0 | ||
| 008 | 211004s2020 ua a g b 000 0 ara d | ||
| 017 |
_bمصر. دار الكتب _a2020/3155 |
||
| 020 | _a9789779126777 | ||
| 040 |
_aEG-CaGPL _cEG-CaGPL |
||
| 082 | 0 | 4 |
_221 _a810.9962 _bق / ع أ |
| 100 | 0 | _aعوض الغبارى | |
| 245 | 1 | 2 |
_aالادب المصرى من الفتح الاسلامى حتى العصر العثمانى / _cعوض الغبارى |
| 250 | _aط.1 | ||
| 260 |
_aالقاهرة : _bالهيئة المصرية العامة للكتاب، _c2020 |
||
| 300 |
_a371 ص. ؛ _c24 سم. |
||
| 650 | 0 | 7 |
_aالادب العربى _2qrmak _xتاريخ _zمصر |
| 650 | 0 | 7 |
_aالادب العربى _2qrmak _xتاريخ _yعصر صدر الاسلام _zمصر |
| 651 | _2qrmak | ||
| 942 |
_2ddc _cBK |
||
| 999 |
_c66025 _d66025 |
||